000 00958cab a2200253 4500
001 ABS58506
008 090401t1998 xxu||||| |||| 00| 0 eng d
035 _a(Sirsi) u84941
041 _aeng
245 _aMarks and Spencer plc v Broadway (VO)
260 _c1998
350 _a0
490 _aRating Appeals
_v[1998] RA 17-36(11)
520 _aLT 19 January 1998. Determination of an out-of-town superstore`s rateable value. The valuation tribunal determined the assessment at £392,500 and the ratepayers appealed. The ratepayers sought an rv of £305,000 which they supported by relying on comparables in various edge of centre or out-of-town locations. Held, assessment be reduced to £383,000 rv.
650 _aCOMPARABLES
650 _aFOODSTORES
650 _aISLE OF WIGHT
650 _aRATING APPEALS
650 _aREDUCTION
650 _aSUPERSTORE
690 _aRATING AND VALUATION-CASE LAW
942 _n0
948 _c17/03/1998
999 _c53402
_d53402